000 00366nam a2200157Ia 4500
005 20250423100221.0
008 250422s9999 xx 000 0 und d
020 _a0- 449- 21878- 3
050 _aBF637.S8R48
100 _aRobert J. Ringer
245 0 _aMillion dollar habits
260 _bFawcett crest book
260 _c1990
300 _a290 p
942 _cBK
999 _c32634
_d32634